Rashomon (Record no. 67614)

MARC details
000 -LEADER
campo de control de longitud fija 03548cgm a2200805Ia 4500
001 - NÚMERO DE CONTROL
campo de control 82763
005 - FECHA Y HORA DE LA ÚLTIMA TRANSACCIÓN
campo de control 20230410123857.0
007 - CAMPO FIJO DE DESCRIPCIÓN FÍSICA--INFORMACIÓN GENERAL
campo de control de longitud fija vd bvaizm
008 - DATOS DE LONGITUD FIJA--INFORMACIÓN GENERAL
campo de control de longitud fija 851008s2002 nyu088 vljpn d
035 ## - NÚMERO DE CONTROL DEL SISTEMA
Número de control de sistema (OCoLC)ocm61738315
040 ## - FUENTE DE CATALOGACIÓN
Centro catalogador/agencia de origen LGG
Centro/agencia transcriptor LGG
Centro/agencia modificador BTCTA
-- UBF
-- OCLCQ
-- YDXCP
-- OCLCQ
-- OCLCG
-- OCLCQ
-- OCLCG
-- OCLCA
-- OCLCG
-- AU@
-- OCLCQ
020 ## - NÚMERO INTERNACIONAL ESTÁNDAR DEL LIBRO
Número Internacional Estándar del Libro 0780024591
020 ## - NÚMERO INTERNACIONAL ESTÁNDAR DEL LIBRO
Número Internacional Estándar del Libro 9780780024595
028 42 - NÚMERO DE EDITOR O DISTRIBUIDOR
Número de editor o de distribuidor RAS040
Fuente Criterion Collection
029 1# - OTRO NÚMERO DE CONTROL DE SISTEMA (OCLC)
Identificador de la biblioteca OCLC AU@
Número de control de sistema 000023676852
035 ## - NÚMERO DE CONTROL DEL SISTEMA
Número de control de sistema (OCoLC)61738315
041 1# - CÓDIGO DE IDIOMA
Código de lengua del texto/banda sonora o título independiente jpn
Código de lengua del sumario o resumen eng
043 ## - CÓDIGO DE ÁREA GEOGRÁFICA
Código de área geográfica a-ja---
050 14 - SIGNATURA TOPOGRÁFICA DE LA BIBLIOTECA DEL CONGRESO
Número de clasificación CM DVD 01205
082 04 - NÚMERO DE LA CLASIFICACIÓN DECIMAL DEWEY
Número de clasificación 791.4372
Número de edición 22
049 ## - FONDOS LOCALES (OCLC)
Biblioteca depositaria GRAL
130 0# - ENTRADA PRINCIPAL--TÍTULO UNIFORME
Título uniforme Rashåomon (Motion picture)
245 10 - MENCIÓN DEL TÍTULO
Título Rashomon
Medio [videorecording] /
Mención de responsabilidad, etc. [Daiei Co. ; produced by Jingo Minoura ; scenario by Akira Kurosawa, Shinobu Hashimoto ; directed by Akira Kurosawa].
246 14 - FORMA VARIANTE DEL TITULO
Título propio/Titulo breve Akira Kurosawa's Rashomon
246 1# - FORMA VARIANTE DEL TITULO
Texto de visualización Also known as:
Título propio/Titulo breve In the woods
246 3# - FORMA VARIANTE DEL TITULO
Título propio/Titulo breve Rasho-Mon
260 ## - PUBLICACIÓN, DISTRIBUCIÓN, ETC.
Lugar de publicación, distribución, etc. [Irvington, NY] :
Nombre del editor, distribuidor, etc. Criterion Collection,
Fecha de publicación, distribución, etc. c2002.
300 ## - DESCRIPCIÓN FÍSICA
Extensión 1 videodisc (88 min.) :
Otras características físicas sd., b&w ;
Dimensiones 4 3/4 in.
490 1# - MENCIÓN DE SERIE
Mención de serie Criterion collection ;
Designación de volumen o secuencia 138
490 1# - MENCIÓN DE SERIE
Mención de serie Classic collection
538 ## - NOTA DE DETALLES DEL SISTEMA
Nota de detalles del sistema DVD format; Dolby digital mono.
546 ## - NOTA DE IDIOMA
Nota de lengua/lenguaje Soundtracks in Japanese or English; English subtitles.
500 ## - NOTA GENERAL
Nota general 1.33:1 aspect ratio; RSDL dual layer; high definition transfer with restored image and sound.
500 ## - NOTA GENERAL
Nota general Based on In a bush by Ryåunosuke Akutagawa.
500 ## - NOTA GENERAL
Nota general Originally issued as a motion picture in 1950 by Daiei, Japan.
500 ## - NOTA GENERAL
Nota general Special features include: commentary by Japanese-film historian Donald Richie; video introduction by Robert Altman; excerpts from The world of Kazuo Miyagawa (cinematographer); reprints from Rashomon source stories, Ryunosuke Akutagawa's "In a bush" and "Rashomon"; excerpt about Rashomon from Kurosawa's book "Something like an autobiography"; theatrical trailer.
508 ## - NOTA DE CRÉDITOS DE CREACIÓN O PRODUCCIÓN
Nota de créditos de creación o producción Director, Akira Kurosawa ; writers, Akira Kurosawa, Shinobu Hashimoto.
511 1# - NOTA DE PARTICIPANTES O INTÉRPRETES
Nota de participantes o intérpretes Toshiro Mifune, Machiko Kyo, Masayuki Mori, Takashi Shimura, Minoru Chiaki.
520 ## - RESUMEN, ETC.
Sumario, etc. Set in the Middle Ages, the nature of truth and subjective reality are probed in a series of flashbacks from four viewpoints to present the case history of a man's murder and the rape of his wife by a bandit.
650 #0 - PUNTO DE ACCESO ADICIONAL DE MATERIA--TÉRMINO DE MATERIA
Término de materia o nombre geográfico como elemento de entrada Murder
Subdivisión geográfica Japan
Subdivisión de forma Drama.
650 #0 - PUNTO DE ACCESO ADICIONAL DE MATERIA--TÉRMINO DE MATERIA
Término de materia o nombre geográfico como elemento de entrada Rape
Subdivisión geográfica Japan
Subdivisión de forma Drama.
650 #0 - PUNTO DE ACCESO ADICIONAL DE MATERIA--TÉRMINO DE MATERIA
Término de materia o nombre geográfico como elemento de entrada Samurai
Subdivisión geográfica Japan
Subdivisión de forma Drama.
650 #0 - PUNTO DE ACCESO ADICIONAL DE MATERIA--TÉRMINO DE MATERIA
Término de materia o nombre geográfico como elemento de entrada Subjectivity
Subdivisión de forma Drama.
650 #0 - PUNTO DE ACCESO ADICIONAL DE MATERIA--TÉRMINO DE MATERIA
Término de materia o nombre geográfico como elemento de entrada Memory
Subdivisión de forma Drama.
650 #0 - PUNTO DE ACCESO ADICIONAL DE MATERIA--TÉRMINO DE MATERIA
Término de materia o nombre geográfico como elemento de entrada Feature films
Subdivisión geográfica Japan.
650 #0 - PUNTO DE ACCESO ADICIONAL DE MATERIA--TÉRMINO DE MATERIA
Término de materia o nombre geográfico como elemento de entrada Foreign films.
650 #0 - PUNTO DE ACCESO ADICIONAL DE MATERIA--TÉRMINO DE MATERIA
Término de materia o nombre geográfico como elemento de entrada Motion pictures, Japanese.
650 #4 - PUNTO DE ACCESO ADICIONAL DE MATERIA--TÉRMINO DE MATERIA
Término de materia o nombre geográfico como elemento de entrada Cine Japonés (inglés)
700 1# - ENTRADA AGREGADA--NOMBRE PERSONAL
Nombre de persona Minoura, Jingo.
700 1# - ENTRADA AGREGADA--NOMBRE PERSONAL
Nombre de persona Kurosawa, Akira,
Fechas asociadas al nombre 1910-1998.
700 1# - ENTRADA AGREGADA--NOMBRE PERSONAL
Nombre de persona Kyo, Machiko,
Fechas asociadas al nombre 1924-
700 1# - ENTRADA AGREGADA--NOMBRE PERSONAL
Nombre de persona Mifune, Toshiråo,
Fechas asociadas al nombre 1920-1997.
700 1# - ENTRADA AGREGADA--NOMBRE PERSONAL
Nombre de persona Mori, Masayuki,
Fechas asociadas al nombre 1911-1973.
700 1# - ENTRADA AGREGADA--NOMBRE PERSONAL
Nombre de persona Miyagawa, Kazuo,
Fechas asociadas al nombre 1908-1999.
700 1# - ENTRADA AGREGADA--NOMBRE PERSONAL
Nombre de persona Shimura, Takashi,
Fechas asociadas al nombre 1905-1982.
700 1# - ENTRADA AGREGADA--NOMBRE PERSONAL
Nombre de persona Chiaki, Minoru,
Fechas asociadas al nombre 1917-1999.
700 1# - ENTRADA AGREGADA--NOMBRE PERSONAL
Nombre de persona Ueda, Kichijiråo,
Fechas asociadas al nombre 1904-1972.
700 1# - ENTRADA AGREGADA--NOMBRE PERSONAL
Nombre de persona Honma, Fumiko.
700 1# - ENTRADA AGREGADA--NOMBRE PERSONAL
Nombre de persona Katåo, Daisuke,
Fechas asociadas al nombre 1911-1975.
700 1# - ENTRADA AGREGADA--NOMBRE PERSONAL
Nombre de persona Akutagawa, Ryåunosuke,
Fechas asociadas al nombre 1892-1927.
Título de la obra Yabu no naka.
710 2# - ENTRADA AGREGADA--NOMBRE DE ENTIDAD CORPORATIVA
Nombre de entidad corporativa o nombre de jurisdicción como elemento de entrada Daiåe, Kabushiki Kaisha.
710 2# - ENTRADA AGREGADA--NOMBRE DE ENTIDAD CORPORATIVA
Nombre de entidad corporativa o nombre de jurisdicción como elemento de entrada Criterion Collection (Firm)
710 2# - ENTRADA AGREGADA--NOMBRE DE ENTIDAD CORPORATIVA
Nombre de entidad corporativa o nombre de jurisdicción como elemento de entrada Home Vision (Firm)
830 #0 - PUNTO DE ACCESO ADICIONAL DE SERIE-TÍTULO UNIFORME
Título uniforme Criterion collection (DVD videodiscs) ;
Designación de volumen o secuencia 138.
830 #0 - PUNTO DE ACCESO ADICIONAL DE SERIE-TÍTULO UNIFORME
Título uniforme Classic collection (Chicago, Ill.)
938 ## -
-- Baker and Taylor
-- BTCP
-- be2002005126
938 ## -
-- YBP Library Services
-- YANK
-- 1854104
942 ## - ELEMENTOS DE ENTRADA SECUNDARIOS (KOHA)
Fuente del sistema de clasificación o colocación Clasificación de Library of Congress
Tipo de ítem Koha
994 ## -
-- C0
-- DRFGD
Holdings
Estatus retirado Estado de pérdida Fuente del sistema de clasificación o colocación Estado de daño No para préstamo Biblioteca de origen Biblioteca actual Ubicación en estantería Fecha de adquisición Signatura topográfica completa Código de barras Visto por última vez Tipo de ítem Koha
    Clasificación de Library of Congress     Biblioteca Juan Bosch Biblioteca Juan Bosch Colección Multimedia (Humanidades 4to. Piso) 10/04/2023 CM DVD 01205 00000066911 25/10/2018